000 00395nam a2200169Ia 4500
008 210210b1956 xxu||||| |||| 00| 0 eng d
041 _aeng
082 _a829/902
100 _aSANTA (Rama Rau)
245 _aRemember the house
260 _aLondon
_bVictor Gollancz Ltd.,
_c1956
650 _athe
650 _aRemember
650 _ahouse
690 _aEnglish Fiction
906 _a017517
999 _c137501
_d137501